| 000 | 00466nam a22001697a 4500 | ||
|---|---|---|---|
| 999 |
_c526837 _d526837 |
||
| 003 | NUST | ||
| 038 | _awaseem | ||
| 082 |
_a891.4913 _bJAK |
||
| 100 |
_aGurjakhi, Babu Javid _917829 |
||
| 245 |
_aAk si panchi / _cBabu Javid Gurjakhi |
||
| 260 |
_aLahore : _bIdara Punjabi Likharian, _c2002. |
||
| 300 | _a80 p. ; | ||
| 500 | _aHardcover. | ||
| 880 |
_6100-01\r _aبابو جاوید گرجاکھی |
||
| 880 |
_6245-02\r _aاک سی پنچھی / |
||
| 942 |
_2ddc _cBK |
||